[Event "Hoogeveen Open"]
[Site "Hoogeveen, Netherlands"]
[Date "2018.10.27"]
[Round "9.26"]
[White "Verhoef, Pieter"]
[Black "Hulshof, Peter"]
[Result "1-0"]
[WhiteElo "2058"]
[BlackElo "2168"]

1. e4 {[%clk 01:30:57]} {[%emt 00:00:03]} g6 {[%clk 01:30:52]} {[%emt
00:00:08]} 2. d4 {[%clk 01:31:22]} {[%emt 00:00:06]} Bg7 {[%clk 01:31:16]}
{[%emt 00:00:05]} 3. Nc3 {[%clk 01:31:48]} {[%emt 00:00:04]} c6 {[%clk
01:31:35]} {[%emt 00:00:11]} 4. Nf3 {[%clk 01:32:12]} {[%emt 00:00:06]} d5
{[%clk 01:31:52]} {[%emt 00:00:14]} 5. h3 {[%clk 01:32:36]} {[%emt 00:00:05]}
Nf6 {[%clk 01:31:29]} {[%emt 00:00:54]} 6. Bd3 {[%clk 01:32:59]} {[%emt
00:00:06]} dxe4 {[%clk 01:31:27]} {[%emt 00:00:32]} 7. Nxe4 {[%clk 01:33:21]}
{[%emt 00:00:08]} Nxe4 {[%clk 01:31:50]} {[%emt 00:00:07]} 8. Bxe4 {[%clk
01:33:44]} {[%emt 00:00:07]} O-O {[%clk 01:31:27]} {[%emt 00:00:53]} 9. O-O
{[%clk 01:34:07]} {[%emt 00:00:07]} Nd7 {[%clk 01:31:50]} {[%emt 00:00:07]} 10.
c3 {[%clk 01:34:30]} {[%emt 00:00:07]} c5 {[%clk 01:31:56]} {[%emt 00:00:24]}
11. Be3 {[%clk 01:34:53]} {[%emt 00:00:07]} Nf6 {[%clk 01:28:04]} {[%emt
00:04:23]} 12. Bc2 {[%clk 01:35:14]} {[%emt 00:00:08]} cxd4 {[%clk 01:28:27]}
{[%emt 00:00:07]} 13. Bxd4 {[%clk 01:35:37]} {[%emt 00:00:06]} b6 {[%clk
01:28:36]} {[%emt 00:00:21]} 14. Qe2 {[%clk 01:33:16]} {[%emt 00:02:50]} Bb7
{[%clk 01:21:55]} {[%emt 00:07:12]} 15. Rad1 {[%clk 01:31:59]} {[%emt
00:01:47]} Qc8 {[%clk 01:20:50]} {[%emt 00:01:36]} 16. Rfe1 {[%clk 01:28:53]}
{[%emt 00:03:36]} e6 {[%clk 01:16:24]} {[%emt 00:04:56]} 17. Rd2 {[%clk
01:26:43]} {[%emt 00:02:40]} Qc6 {[%clk 01:09:00]} {[%emt 00:07:54]} 18. Qf1
{[%clk 01:17:28]} {[%emt 00:09:44]} Qc8 {[%clk 01:06:31]} {[%emt 00:03:00]} 19.
Ng5 {[%clk 01:04:31]} {[%emt 00:13:26]} Rd8 {[%clk 00:55:31]} {[%emt 00:11:30]}
20. Red1 {[%clk 01:03:58]} {[%emt 00:01:03]} h6 {[%clk 00:46:07]} {[%emt
00:09:54]} 21. Bxf6 {[%clk 01:01:15]} {[%emt 00:03:12]} Rxd2 {[%clk 00:44:19]}
{[%emt 00:02:20]} 22. Rxd2 {[%clk 01:01:15]} {[%emt 00:00:29]} Bxf6 {[%clk
00:44:34]} {[%emt 00:00:16]} 23. Nxf7 {[%clk 00:57:11]} {[%emt 00:04:34]} Kxf7
{[%clk 00:42:47]} {[%emt 00:02:16]} 24. Qd3 {[%clk 00:57:35]} {[%emt 00:00:07]}
Qe8 {[%clk 00:35:12]} {[%emt 00:08:04]} 25. Qxg6+ {[%clk 00:57:13]} {[%emt
00:00:52]} Ke7 {[%clk 00:34:46]} {[%emt 00:00:56]} 26. Qh7+ {[%clk 00:57:33]}
{[%emt 00:00:10]} Kf8 {[%clk 00:31:23]} {[%emt 00:03:53]} 27. Rd7 {[%clk
00:54:43]} {[%emt 00:03:20]} Qxd7 {[%clk 00:27:51]} {[%emt 00:04:03]} 28. Qxd7
{[%clk 00:55:05]} {[%emt 00:00:07]} Bd5 {[%clk 00:28:17]} {[%emt 00:00:04]} 29.
Qd6+ {[%clk 00:53:42]} {[%emt 00:01:53]} Kf7 {[%clk 00:26:48]} {[%emt
00:01:59]} 30. Qc7+ {[%clk 00:53:37]} {[%emt 00:00:35]} Kf8 {[%clk 00:26:08]}
{[%emt 00:01:10]} 31. Bg6 {[%clk 00:53:45]} {[%emt 00:00:22]} 1-0

[Event "Hoogeveen Open"]
[Site "Hoogeveen, Netherlands"]
[Date "2018.10.27"]
[Round "9.27"]
[White "Pham, Khoi"]
[Black "Winkels, Marcel"]
[Result "0-1"]
[WhiteElo "2153"]
[BlackElo "1935"]

1. d4 {[%clk 01:30:59]} d5 {[%clk 01:30:44]} {[%emt 00:00:17]} 2. Nf3 {[%clk
01:31:18]} {[%emt 00:00:11]} Nf6 {[%clk 01:31:08]} {[%emt 00:00:05]} 3. c4
{[%clk 01:31:43]} {[%emt 00:00:05]} c6 {[%clk 01:31:03]} {[%emt 00:00:35]} 4.
Nc3 {[%clk 01:32:07]} {[%emt 00:00:06]} e6 {[%clk 01:31:28]} {[%emt 00:00:05]}
5. Bg5 {[%clk 01:32:31]} {[%emt 00:00:07]} dxc4 {[%clk 01:31:15]} {[%emt
00:00:43]} 6. e4 {[%clk 01:31:47]} {[%emt 00:01:13]} b5 {[%clk 01:31:38]}
{[%emt 00:00:07]} 7. e5 {[%clk 01:31:03]} {[%emt 00:01:14]} h6 {[%clk
01:31:55]} {[%emt 00:00:13]} 8. Bh4 {[%clk 01:27:56]} {[%emt 00:03:37]} g5
{[%clk 01:32:13]} {[%emt 00:00:12]} 9. exf6 {[%clk 01:28:07]} {[%emt 00:00:19]}
gxh4 {[%clk 01:32:20]} {[%emt 00:00:23]} 10. Be2 {[%clk 01:25:36]} {[%emt
00:03:01]} Qxf6 {[%clk 01:25:00]} {[%emt 00:07:50]} 11. Ne5 {[%clk 01:21:13]}
{[%emt 00:04:54]} Nd7 {[%clk 01:21:42]} {[%emt 00:03:47]} 12. Nxc6 {[%clk
01:17:16]} {[%emt 00:04:27]} Bb7 {[%clk 01:06:05]} {[%emt 00:16:07]} 13. Bf3
{[%clk 01:10:38]} {[%emt 00:07:08]} a6 {[%clk 00:58:50]} {[%emt 00:07:46]} 14.
O-O {[%clk 01:05:37]} {[%emt 00:05:31]} Rc8 {[%clk 00:42:17]} {[%emt 00:17:02]}
15. Nd5 {[%clk 00:55:32]} {[%emt 00:10:36]} Qg5 {[%clk 00:38:20]} {[%emt
00:04:26]} 16. Ndb4 {[%clk 00:54:35]} {[%emt 00:01:27]} Bxb4 {[%clk 00:26:21]}
{[%emt 00:12:28]} 17. Nxb4 {[%clk 00:54:25]} {[%emt 00:00:41]} Bxf3 {[%clk
00:24:08]} {[%emt 00:02:44]} 18. Qxf3 {[%clk 00:54:49]} {[%emt 00:00:06]} O-O
{[%clk 00:23:15]} {[%emt 00:01:22]} 19. Nxa6 {[%clk 00:52:53]} {[%emt
00:02:27]} Kh8 {[%clk 00:18:11]} {[%emt 00:05:34]} 20. h3 {[%clk 00:49:36]}
{[%emt 00:03:47]} Rg8 {[%clk 00:17:41]} {[%emt 00:01:00]} 21. Rae1 {[%clk
00:45:45]} {[%emt 00:04:21]} Rg7 {[%clk 00:12:51]} {[%emt 00:05:18]} 22. Re4
{[%clk 00:44:58]} {[%emt 00:01:18]} Qd5 {[%clk 00:12:09]} {[%emt 00:01:12]} 23.
Nb4 {[%clk 00:44:52]} {[%emt 00:00:35]} Qa8 {[%clk 00:12:02]} {[%emt 00:00:38]}
24. d5 {[%clk 00:40:51]} {[%emt 00:04:31]} Rcg8 {[%clk 00:07:01]} {[%emt
00:05:32]} 25. Rxh4 {[%clk 00:33:01]} {[%emt 00:08:19]} Rxg2+ {[%clk 00:06:16]}
{[%emt 00:01:14]} 26. Kh1 {[%clk 00:32:10]} {[%emt 00:01:21]} Qf8 {[%clk
00:05:37]} {[%emt 00:01:09]} 27. Rg4 {[%clk 00:26:21]} {[%emt 00:06:20]} R2xg4
{[%clk 00:05:38]} {[%emt 00:00:29]} 28. hxg4 {[%clk 00:26:22]} {[%emt
00:00:29]} Qxb4 {[%clk 00:03:46]} {[%emt 00:02:22]} 29. Qxf7 {[%clk 00:26:14]}
{[%emt 00:00:37]} Rg7 {[%clk 00:03:39]} {[%emt 00:00:37]} 30. Qxe6 {[%clk
00:24:53]} {[%emt 00:01:50]} Qe7 {[%clk 00:03:25]} {[%emt 00:00:44]} 31. f3
{[%clk 00:24:04]} {[%emt 00:01:19]} Qxe6 {[%clk 00:03:00]} {[%emt 00:00:56]} 32.
dxe6 {[%clk 00:24:23]} {[%emt 00:00:11]} Nc5 {[%clk 00:03:06]} {[%emt
00:00:24]} 33. Re1 {[%clk 00:24:05]} {[%emt 00:00:49]} Re7 {[%clk 00:03:00]}
{[%emt 00:00:36]} 34. Re5 {[%clk 00:23:12]} {[%emt 00:01:23]} Nd3 {[%clk
00:02:52]} {[%emt 00:00:38]} 35. Rxb5 {[%clk 00:22:43]} {[%emt 00:00:58]} Rxe6
{[%clk 00:03:17]} {[%emt 00:00:06]} 36. Kg2 {[%clk 00:17:56]} {[%emt 00:05:16]}
Re2+ {[%clk 00:03:33]} {[%emt 00:00:14]} 37. Kg3 {[%clk 00:18:08]} {[%emt
00:00:18]} Rxb2 {[%clk 00:02:25]} {[%emt 00:01:39]} 38. Rh5 {[%clk 00:18:18]}
{[%emt 00:00:19]} c3 {[%clk 00:02:18]} {[%emt 00:00:37]} 0-1

[Event "Hoogeveen Open"]
[Site "Hoogeveen, Netherlands"]
[Date "2018.10.27"]
[Round "9.28"]
[White "Mellema, Andries"]
[Black "Van De Pavoordt, Max"]
[Result "1/2-1/2"]
[WhiteElo "2140"]
[BlackElo "2034"]

1. e4 {[%clk 01:21:02]} {[%emt 00:09:58]} e6 {[%clk 01:30:54]} {[%emt
00:00:06]} 2. d4 {[%clk 01:21:11]} {[%emt 00:00:21]} d5 {[%clk 01:31:18]}
{[%emt 00:00:06]} 3. exd5 {[%clk 01:21:18]} {[%emt 00:00:23]} exd5 {[%clk
01:31:32]} {[%emt 00:00:15]} 4. Nc3 {[%clk 01:21:39]} {[%emt 00:00:09]} c6
{[%clk 01:28:55]} {[%emt 00:03:08]} 5. Bd3 {[%clk 01:22:01]} {[%emt 00:00:08]}
Bd6 {[%clk 01:29:13]} {[%emt 00:00:12]} 6. Nge2 {[%clk 01:22:20]} {[%emt
00:00:11]} Ne7 {[%clk 01:28:07]} {[%emt 00:01:36]} 7. Bf4 {[%clk 01:21:30]}
{[%emt 00:01:20]} Bf5 {[%clk 01:26:34]} {[%emt 00:02:03]} 8. Bxd6 {[%clk
01:14:34]} {[%emt 00:07:26]} Qxd6 {[%clk 01:26:30]} {[%emt 00:00:34]} 9. Ng3
{[%clk 01:14:34]} {[%emt 00:00:30]} Bxd3 {[%clk 01:22:56]} {[%emt 00:04:05]} 10.
Qxd3 {[%clk 01:14:53]} {[%emt 00:00:10]} Nd7 {[%clk 01:21:50]} {[%emt
00:01:36]} 11. O-O {[%clk 01:03:51]} {[%emt 00:11:31]} O-O {[%clk 01:19:57]}
{[%emt 00:02:23]} 12. Rfe1 {[%clk 00:56:28]} {[%emt 00:07:53]} Rae8 {[%clk
01:15:23]} {[%emt 00:05:05]} 13. Re3 {[%clk 00:37:03]} {[%emt 00:19:55]} Nf6
{[%clk 01:13:26]} {[%emt 00:02:26]} 14. Rae1 {[%clk 00:32:34]} {[%emt
00:05:00]} Ng6 {[%clk 01:11:05]} {[%emt 00:02:51]} 15. Rxe8 {[%clk 00:27:12]}
{[%emt 00:05:52]} Rxe8 {[%clk 01:10:28]} {[%emt 00:01:07]} 16. Rxe8+ {[%clk
00:27:39]} {[%emt 00:00:03]} Nxe8 {[%clk 01:10:50]} {[%emt 00:00:08]} 17. a3
{[%clk 00:28:00]} {[%emt 00:00:09]} 1/2-1/2

[Event "Hoogeveen Open"]
[Site "Hoogeveen, Netherlands"]
[Date "2018.10.27"]
[Round "9.29"]
[White "Hoffman, Ron"]
[Black "Van Dorp, Folke"]
[Result "1-0"]
[WhiteElo "2060"]
[BlackElo "2097"]

1. Nf3 {[%clk 01:29:55]} {[%emt 00:01:04]} Nf6 {[%clk 01:30:41]} {[%emt
00:00:17]} 2. c4 {[%clk 01:30:01]} {[%emt 00:00:26]} g6 {[%clk 01:30:58]}
{[%emt 00:00:13]} 3. Nc3 {[%clk 01:28:34]} {[%emt 00:01:56]} Bg7 {[%clk
01:31:23]} {[%emt 00:00:06]} 4. g3 {[%clk 01:28:51]} {[%emt 00:00:13]} d6
{[%clk 01:31:42]} {[%emt 00:00:12]} 5. Bg2 {[%clk 01:29:15]} {[%emt 00:00:06]}
O-O {[%clk 01:31:55]} {[%emt 00:00:16]} 6. O-O {[%clk 01:29:36]} {[%emt
00:00:07]} Nc6 {[%clk 01:32:09]} {[%emt 00:00:18]} 7. Rb1 {[%clk 01:29:47]}
{[%emt 00:00:18]} Na5 {[%clk 01:26:18]} {[%emt 00:06:22]} 8. d3 {[%clk
01:29:34]} {[%emt 00:00:43]} c5 {[%clk 01:24:40]} {[%emt 00:02:09]} 9. a3
{[%clk 01:28:48]} {[%emt 00:01:15]} Nc6 {[%clk 01:13:01]} {[%emt 00:12:10]} 10.
b4 {[%clk 01:24:46]} {[%emt 00:04:31]} Nd7 {[%clk 01:04:01]} {[%emt 00:09:31]}
11. Nd5 {[%clk 01:19:44]} {[%emt 00:05:31]} e6 {[%clk 01:02:21]} {[%emt
00:02:11]} 12. Nf4 {[%clk 01:16:11]} {[%emt 00:04:00]} Rb8 {[%clk 00:59:05]}
{[%emt 00:03:49]} 13. b5 {[%clk 01:09:02]} {[%emt 00:07:38]} Nd4 {[%clk
00:54:56]} {[%emt 00:04:39]} 14. Nxd4 {[%clk 01:07:05]} {[%emt 00:02:27]} Bxd4
{[%clk 00:51:48]} {[%emt 00:03:38]} 15. e3 {[%clk 01:06:06]} {[%emt 00:01:28]}
Bg7 {[%clk 00:51:42]} {[%emt 00:00:37]} 16. Bb2 {[%clk 01:02:54]} {[%emt
00:03:41]} Bxb2 {[%clk 00:49:56]} {[%emt 00:02:18]} 17. Rxb2 {[%clk 01:03:12]}
{[%emt 00:00:10]} Qf6 {[%clk 00:50:08]} {[%emt 00:00:19]} 18. d4 {[%clk
00:56:23]} {[%emt 00:07:19]} Nb6 {[%clk 00:47:43]} {[%emt 00:02:55]} 19. Rc2
{[%clk 00:49:42]} {[%emt 00:07:10]} Rd8 {[%clk 00:39:31]} {[%emt 00:08:43]} 20.
Qa1 {[%clk 00:42:55]} {[%emt 00:07:17]} cxd4 {[%clk 00:32:47]} {[%emt
00:07:14]} 21. exd4 {[%clk 00:41:11]} {[%emt 00:02:14]} g5 {[%clk 00:28:02]}
{[%emt 00:05:15]} 22. Ne2 {[%clk 00:40:12]} {[%emt 00:01:29]} d5 {[%clk
00:25:38]} {[%emt 00:02:54]} 23. c5 {[%clk 00:33:52]} {[%emt 00:06:50]} Nc4
{[%clk 00:26:04]} {[%emt 00:00:04]} 24. a4 {[%clk 00:26:30]} {[%emt 00:07:52]}
Rf8 {[%clk 00:19:34]} {[%emt 00:07:00]} 25. Qc3 {[%clk 00:23:42]} {[%emt
00:03:18]} Bd7 {[%clk 00:18:57]} {[%emt 00:01:08]} 26. f4 {[%clk 00:23:01]}
{[%emt 00:01:10]} a6 {[%clk 00:18:09]} {[%emt 00:01:19]} 27. Qb3 {[%clk
00:19:25]} {[%emt 00:04:06]} axb5 {[%clk 00:15:29]} {[%emt 00:03:10]} 28. axb5
{[%clk 00:19:05]} {[%emt 00:00:50]} Ra8 {[%clk 00:15:53]} {[%emt 00:00:06]} 29.
Rxc4 {[%clk 00:17:43]} {[%emt 00:01:52]} dxc4 {[%clk 00:16:08]} {[%emt
00:00:16]} 30. Qxc4 {[%clk 00:18:11]} {[%emt 00:00:02]} Bc8 {[%clk 00:12:22]}
{[%emt 00:04:16]} 31. Nc3 {[%clk 00:14:09]} {[%emt 00:04:31]} Rd8 {[%clk
00:10:10]} {[%emt 00:02:43]} 32. d5 {[%clk 00:12:39]} {[%emt 00:02:00]} exd5
{[%clk 00:07:45]} {[%emt 00:02:55]} 33. Nxd5 {[%clk 00:12:09]} {[%emt
00:01:00]} Rxd5 {[%clk 00:08:03]} {[%emt 00:00:13]} 34. Bxd5 {[%clk 00:10:21]}
{[%emt 00:02:17]} gxf4 {[%clk 00:07:04]} {[%emt 00:01:29]} 35. Qxf4 {[%clk
00:08:17]} {[%emt 00:02:33]} Qxf4 {[%clk 00:06:57]} {[%emt 00:00:38]} 36. Rxf4
{[%clk 00:08:46]} {[%emt 00:00:02]} Bh3 {[%clk 00:06:45]} {[%emt 00:00:42]} 37.
Rxf7 {[%clk 00:08:35]} {[%emt 00:00:41]} Kh8 {[%clk 00:07:11]} {[%emt
00:00:03]} 38. Rxb7 {[%clk 00:06:51]} {[%emt 00:02:15]} Rd8 {[%clk 00:06:11]}
{[%emt 00:01:30]} 39. Be4 {[%clk 00:06:49]} {[%emt 00:00:31]} Rd1+ {[%clk
00:06:33]} {[%emt 00:00:08]} 40. Kf2 {[%clk 00:07:13]} {[%emt 00:00:06]} Rf1+
{[%clk 00:06:50]} {[%emt 00:00:13]} 41. Ke2 {[%clk 00:07:17]} {[%emt 00:00:25]}
1-0

[Event "Hoogeveen Open"]
[Site "Hoogeveen, Netherlands"]
[Date "2018.10.27"]
[Round "9.31"]
[White "Oord, Raymon"]
[Black "Emans, Job"]
[Result "1/2-1/2"]
[WhiteElo "1900"]
[BlackElo "1927"]

1. c4 {[%clk 01:30:57]} {[%emt 00:00:02]} e6 {[%clk 01:30:57]} {[%emt
00:00:04]} 2. Nc3 {[%clk 01:31:22]} {[%emt 00:00:05]} d5 {[%clk 01:31:21]}
{[%emt 00:00:06]} 3. d4 {[%clk 01:31:40]} {[%emt 00:00:11]} Nf6 {[%clk
01:31:44]} {[%emt 00:00:07]} 4. e3 {[%clk 01:31:57]} {[%emt 00:00:14]} Be7
{[%clk 01:31:54]} {[%emt 00:00:20]} 5. Nf3 {[%clk 01:32:07]} {[%emt 00:00:19]}
Nbd7 {[%clk 01:31:59]} {[%emt 00:00:25]} 6. cxd5 {[%clk 01:31:39]} {[%emt
00:00:58]} exd5 {[%clk 01:32:08]} {[%emt 00:00:21]} 7. Bd3 {[%clk 01:30:45]}
{[%emt 00:01:24]} O-O {[%clk 01:31:53]} {[%emt 00:00:45]} 8. O-O {[%clk
01:29:25]} {[%emt 00:01:49]} Re8 {[%clk 01:31:52]} {[%emt 00:00:32]} 9. b3
{[%clk 01:28:54]} {[%emt 00:01:01]} c6 {[%clk 01:31:22]} {[%emt 00:01:00]} 10.
Bb2 {[%clk 01:28:36]} {[%emt 00:00:48]} Bd6 {[%clk 01:31:20]} {[%emt 00:00:33]}
11. Rc1 {[%clk 01:27:15]} {[%emt 00:01:50]} Nf8 {[%clk 01:31:04]} {[%emt
00:00:46]} 12. Re1 {[%clk 01:25:39]} {[%emt 00:02:06]} Ng6 {[%clk 01:28:51]}
{[%emt 00:02:42]} 13. e4 {[%clk 01:17:24]} {[%emt 00:08:46]} Bf4 {[%clk
01:28:00]} {[%emt 00:01:21]} 14. Nd2 {[%clk 01:04:00]} {[%emt 00:13:54]} dxe4
{[%clk 01:24:13]} {[%emt 00:04:17]} 15. Ncxe4 {[%clk 01:03:21]} {[%emt
00:01:09]} Nd5 {[%clk 01:24:32]} {[%emt 00:00:12]} 16. g3 {[%clk 00:59:40]}
{[%emt 00:04:09]} Bc7 {[%clk 01:13:45]} {[%emt 00:11:18]} 17. Qh5 {[%clk
00:51:58]} {[%emt 00:08:12]} Bd7 {[%clk 01:00:47]} {[%emt 00:13:28]} 18. Nc4
{[%clk 00:33:22]} {[%emt 00:19:06]} b5 {[%clk 00:50:50]} {[%emt 00:10:27]} 19.
Ne5 {[%clk 00:22:29]} {[%emt 00:11:24]} Bxe5 {[%clk 00:46:28]} {[%emt
00:04:51]} 20. dxe5 {[%clk 00:21:54]} {[%emt 00:01:05]} Nb4 {[%clk 00:45:34]}
{[%emt 00:01:24]} 21. Bb1 {[%clk 00:18:12]} {[%emt 00:04:12]} Be6 {[%clk
00:35:04]} {[%emt 00:11:01]} 22. Ng5 {[%clk 00:05:59]} {[%emt 00:12:42]} h6
{[%clk 00:34:42]} {[%emt 00:00:53]} 23. Nxe6 {[%clk 00:05:50]} {[%emt
00:00:39]} Rxe6 {[%clk 00:35:04]} {[%emt 00:00:07]} 24. Bf5 {[%clk 00:05:37]}
{[%emt 00:00:43]} Qe7 {[%clk 00:31:36]} {[%emt 00:03:58]} 25. Bxe6 {[%clk
00:04:36]} {[%emt 00:01:31]} Qxe6 {[%clk 00:32:03]} {[%emt 00:00:03]} 26. Rcd1
{[%clk 00:04:38]} {[%emt 00:00:28]} Nd5 {[%clk 00:30:09]} {[%emt 00:02:24]} 27.
f4 {[%clk 00:04:16]} {[%emt 00:00:51]} Nge7 {[%clk 00:29:47]} {[%emt 00:00:53]}
28. Qf3 {[%clk 00:04:06]} {[%emt 00:00:40]} Qg6 {[%clk 00:25:36]} {[%emt
00:04:41]} 29. Bd4 {[%clk 00:03:52]} {[%emt 00:00:43]} h5 {[%clk 00:19:59]}
{[%emt 00:06:08]} 30. Kh1 {[%clk 00:03:52]} {[%emt 00:00:30]} a6 {[%clk
00:18:48]} {[%emt 00:01:41]} 31. Bc5 {[%clk 00:03:25]} {[%emt 00:00:58]} Nf5
{[%clk 00:18:28]} {[%emt 00:00:49]} 32. Bf2 {[%clk 00:02:30]} {[%emt 00:01:25]}
Re8 {[%clk 00:16:52]} {[%emt 00:02:06]} 33. h3 {[%clk 00:02:50]} {[%emt
00:00:10]} Nh6 {[%clk 00:16:43]} {[%emt 00:00:39]} 34. Qd3 {[%clk 00:02:33]}
{[%emt 00:00:47]} Qe6 {[%clk 00:16:49]} {[%emt 00:00:24]} 35. Kh2 {[%clk
00:02:47]} {[%emt 00:00:16]} Re7 {[%clk 00:13:43]} {[%emt 00:03:36]} 36. Qf3
{[%clk 00:02:49]} {[%emt 00:00:28]} g6 {[%clk 00:13:31]} {[%emt 00:00:42]} 37.
Rc1 {[%clk 00:02:55]} {[%emt 00:00:25]} Kh7 {[%clk 00:10:56]} {[%emt 00:03:05]}
38. Rc5 {[%clk 00:02:50]} {[%emt 00:00:34]} Rc7 {[%clk 00:10:39]} {[%emt
00:00:48]} 39. Rec1 {[%clk 00:02:55]} {[%emt 00:00:25]} Rc8 {[%clk 00:10:38]}
{[%emt 00:00:30]} 40. a3 {[%clk 00:03:00]} {[%emt 00:00:25]} Nf5 {[%clk
00:09:06]} {[%emt 00:02:01]} 41. a4 {[%clk 00:23:20]} {[%emt 00:10:12]} Nfe7
{[%clk 00:38:54]} {[%emt 00:00:41]} 42. axb5 {[%clk 00:23:18]} {[%emt
00:00:31]} axb5 {[%clk 00:39:19]} {[%emt 00:00:06]} 43. Ra1 {[%clk 00:22:39]}
{[%emt 00:01:09]} Qf5 {[%clk 00:37:48]} {[%emt 00:02:00]} 44. Ra7 {[%clk
00:19:17]} {[%emt 00:03:53]} Rd8 {[%clk 00:36:51]} {[%emt 00:01:27]} 45. Rc1
{[%clk 00:17:41]} {[%emt 00:02:06]} Nc8 {[%clk 00:29:25]} {[%emt 00:07:55]} 46.
Rb7 {[%clk 00:15:22]} {[%emt 00:02:50]} Nb4 {[%clk 00:29:04]} {[%emt 00:00:51]}
47. g4 {[%clk 00:08:41]} {[%emt 00:07:10]} hxg4 {[%clk 00:23:18]} {[%emt
00:06:16]} 48. hxg4 {[%clk 00:09:02]} {[%emt 00:00:10]} Rd3 {[%clk 00:23:01]}
{[%emt 00:00:47]} 49. gxf5 {[%clk 00:06:43]} {[%emt 00:02:49]} Rxf3 {[%clk
00:23:28]} {[%emt 00:00:03]} 50. Bg3 {[%clk 00:05:01]} {[%emt 00:02:12]} gxf5
{[%clk 00:21:16]} {[%emt 00:02:41]} 51. Rxf7+ {[%clk 00:04:56]} {[%emt
00:00:36]} Kg8 {[%clk 00:21:18]} {[%emt 00:00:28]} 52. Rxf5 {[%clk 00:05:09]}
{[%emt 00:00:16]} Ne7 {[%clk 00:21:06]} {[%emt 00:00:43]} 53. Rg5+ {[%clk
00:05:03]} {[%emt 00:00:36]} Kf7 {[%clk 00:21:33]} {[%emt 00:00:02]} 54. Ra1
{[%clk 00:04:09]} {[%emt 00:01:25]} Nbd5 {[%clk 00:21:27]} {[%emt 00:00:36]} 55.
Kg2 {[%clk 00:03:18]} {[%emt 00:01:21]} Rxb3 {[%clk 00:21:54]} {[%emt
00:00:04]} 56. f5 {[%clk 00:02:51]} {[%emt 00:00:56]} Ne3+ {[%clk 00:21:41]}
{[%emt 00:00:43]} 57. Kh2 {[%clk 00:03:02]} {[%emt 00:00:18]} N3xf5 {[%clk
00:21:26]} {[%emt 00:00:46]} 58. Rf1 {[%emt 00:03:34]} 1/2-1/2